| 000 | 00679nam a22002057a 4500 | ||
|---|---|---|---|
| 003 | 0 | ||
| 005 | 20230908141031.0 | ||
| 008 | 230908b xxu||||| |||| 00| 0 eng d | ||
| 020 | _a978-1-284-25490-7 | ||
| 050 |
_aRT 68 _b.H43 2024 |
||
| 100 | _aHeavey, Elizabeth | ||
| 245 |
_aStatistics for nursing : a practical approach _cElizabeth Heavey |
||
| 250 | _aFourth edition | ||
| 260 |
_aBurlington, MA _bJones & Barlett Learning _cc2024. |
||
| 300 |
_axiii, 252 pages : _bcol. ill. ; _c28 cm. |
||
| 500 | _aNursing--statistical method. | ||
| 504 | _aIncludes bibliographical references, index, and glossary. | ||
| 650 | _aNursing--statistical method. | ||
| 942 |
_2lcc _cBK |
||
| 999 |
_c365272 _d365272 |
||